00671nam a2200205Ia 4500003000400000008004100004020002200045040000800067100002000075245008700095260002800182300001200210365001100222901002100233902003500254903005800289942001200347952008900359999001700448LDD181029s9999 xx 000 0 und d a195681126c595.00 cLDD aReddy, V. Ratna 0aManaging water resourcesbpolicies, institutions, and technologiescV. Ratna Reddy aNew DelhibOxfordc2006 axi, 325 b595.00 a3851b22-02-2007 a83201b08-03-2007cFdIBDe311 aDiscount-10bReqst by : Palit, Soumya Kanti  2ddccBK 00102ddc4070978319aLDDbLDDl0o333.91 M311p061650r2018-11-01w2018-11-01yBK c78320d78320